Seismotectonic atlas of India and its environs /

Bibliographic Details
Corporate Author: Geological Survey of India
Other Authors: Dasgupta, Sujit, Narula, P. L., Acharyya, S. K., Banerjee, J.
Format: Map
Language:English
Published: Calcutta : Geological Survey of India, 2000.
Subjects:

MARC

Tag First Indicator Second Indicator Subfields
LEADER 00000cem a2200000 a 4500
001 in00002187313
005 20151104075959.0
007 ad canzn
008 030425s2000 ii e f 0 eng
010 |a  2001416244 
017 |a VA  |b U.S. Copyright Office 
025 |a I-E-2001-416244; 65-13; 54-13 
034 1 |a a  |b 1000000  |d E0690000  |e E0990000  |f N0370000  |g N0040000 
035 |a (OCoLC)ocm52152191 
040 |a DLC  |c DLC  |d OCLCQ  |d TXA  |d UtOrBLW 
042 |a lcode 
043 |a a-ii--- 
049 |a TXAM 
050 0 0 |a G2281.C55  |b G4 2000 
052 |a 7651 
082 0 0 |a 551.22/0954  |2 21 
110 2 |a Geological Survey of India. 
245 1 0 |a Seismotectonic atlas of India and its environs /  |c by Sujit Dasgupta and others ; editors, P.L. Narula, S.K. Acharyya and J. Banerjee. 
255 |a Scale 1:1,000,000.  |c (E 69⁰--E 99⁰/N 37⁰--N 4⁰). 
264 1 |a Calcutta :  |b Geological Survey of India,  |c 2000. 
300 |a 1 atlas (87 pages) :  |b maps (chiefly color) ;  |c 53 x 61 cm. 
336 |a cartographic image  |b cri  |2 rdacontent 
337 |a unmediated  |b n  |2 rdamedia 
338 |a volume  |b nc  |2 rdacarrier 
500 |a "Geographical details and coast lines for all maps are based on Survey of India International Map Series of the World (Lambert conformal conic projection) in 1:1 million scale. Land international boundaries are not depicted in the maps"--Title page verso. 
500 |a Cartographic material. 
650 0 |a Earthquakes  |z India  |v Maps. 
650 0 |a Geology, Structural  |z India  |v Maps. 
700 1 |a Dasgupta, Sujit. 
700 1 |a Narula, P. L. 
700 1 |a Acharyya, S. K. 
700 1 |a Banerjee, J. 
948 |a cataloged  |b h  |c 2006/10/26  |d c  |e jgreene  |f 4:05:13 pm 
994 |a C0  |b TXA 
999 |a MARS 
999 f f |s eb7eb830-2210-3310-b9c5-db2d0a1b342a  |i 3a2b06f1-62e1-3591-9d37-e1b993c362a1  |t 0 
952 f f |p normal  |a Texas A&M University  |b College Station  |c Sterling C. Evans Library  |d Evans: Maps (2nd floor)  |t 0  |e G2281.C55 G4 2000  |f Oversize  |h Library of Congress classification  |i unmediated -- volume  |m A14834915103 
998 f f |a G2281.C55 G4 2000  |t 0  |l Evans: Maps (2nd floor)